Nuestra guerra ajena / (Registro nro. 326559)

Detalles MARC
000 -ENCABEZADO
Número de control [NR] 01171nam a22002177a 4500
005 - FECHA Y HORA DE LA ÚLTIMA TRANSACCIÓN
control field 20260624090230.0
008 - DE LONGITUD FIJA DE DATOS DE ELEMENTOS - INFORMACIÓN GENERAL
Elementos de longitud fija [NR] 260624t2014 |||||||| |||| 00| 0 spa d
020 ## - NUMERO INTERNACIONAL NORMALIZADO PARA LIBROS [R]
Número Internacional Normalizado del libro [NR] 9789584241788
040 ## - FUENTE DE CATALOGACION [NR]
Agencia de catalogación original [NR] CO-BoUCM
Idioma de catalogación [NR] spa
Quien Cataloga Stefania Borbon
Quien Clasifica Stefania Borbon
041 ## - CODIGO DE IDIOMA [R]
Código de idioma para texto/pista de sonido o título separado [R] Español
100 ## - ASIENTO PRINCIPAL--NOMBRE PERSONAL [NR]
Nombre personal [NR] Castro Caycedo, Germán
ID Autoridad 40177
245 ## - MENCION DE TITULO [NR]
Título [NR] Nuestra guerra ajena /
Mención de responsabilidad, etc. [NR] Germán Castro Caycedo
260 ## - PUBLICACION, DISTRIBUCION, ETC. (PIE DE IMPRENTA) [R]
Lugar de publicación, distribución, etc. [R] Bogotá :
Nombre del editor, distribuidor, etc. [R] Editorial Planeta Colombiana,
Fecha de publicación, distribución, etc. [R] 2014
300 ## - DESCRIPCION FISICA [R]
Extensión [R] 395 páginas
520 ## - NOTA DE RESUMEN, ETC. [R]
Nota de sumario, etc. [NR] Crónica periodística y de investigación documental que analiza los orígenes y evolución del narcotráfico en Colombia y su directa correlación con la demanda militar y civil estadounidense tras la guerra de Vietnam. El autor expone la red de relaciones diplomáticas, presiones y la subordinación de las políticas de estado colombianas a las directrices de orden público de los Estados Unidos.
650 #4 - ASIENTO SECUNDARIO DE MATERIA - TERMINO TEMATICO [R]
Término temático o nombre geográfico como elemento de entrada [NR] Narcotráfico
Subdivisión general [R] Crónicas periodísticas
Subdivisión geográfica [R] Colombia
9 (RLIN) 189852
650 #4 - ASIENTO SECUNDARIO DE MATERIA - TERMINO TEMATICO [R]
Término temático o nombre geográfico como elemento de entrada [NR] Relaciones internacionales
Subdivisión geográfica [R] Colombia
-- Estados Unidos
9 (RLIN) 173687
651 #4 - ASIENTO SECUNDARIO DE MATERIA - NOMBRE GEOGRAFICO [R]
Nombre geográfico [NR] Colombia
Subdivisión general [R] Historia
Subdivisión cronológica [R] Siglo XX
9 (RLIN) 26607
942 ## - ELEMENTOS DE ENTRADA AGREGADOS (KOHA)
Sistema de clasificación DEWEY
Tema principal Sociología
Tipo de ítem principal el descrito en 300a Libro
Edición 1
Clasificación 363.45
Parte restante de la signatura top. C355n
Existencias
Fecha de último préstamo Total préstamos Signatura topográfica Código de barras Prestado Última vez visto Ejemplar Costo de reposición Price effective from Tipo de ítem Perdido Sistema de clasificación Dañado No prestable Tipo de ítem específico Suprimido Ubicación habitual Ubicación actual Localización Fecha de creación Forma de adquisición
25/06/2026 1 363.45 C355n 100175450 31/12/2026 25/06/2026 Ej.1 26000.00 24/06/2026 Libro   DEWEY     Libro   Claustro Claustro 2do piso 24/06/2026 Donación